EN CE TEMPS LA'. LA BIBLE. PUBLICATION HEBDOMADAIRE. LE DEUTERONOME CAPP. 16-27. N. 15. . (Record n. 319970)

Dettagli MARC
000 -LEADER
fixed length control field 01280nas a2200277Ia 4500
001 - CONTROL NUMBER
control field R220-R1895
003 - CONTROL NUMBER IDENTIFIER
control field IT-CnALBA
008 - FIXED-LENGTH DATA ELEMENTS--GENERAL INFORMATION
fixed length control field 170116c99999999xx |||||||||||| ||und||
040 ## - CATALOGING SOURCE
Original cataloging agency IT-CnALBA
Transcribing agency IT-CnALBA
041 ## - LANGUAGE CODE
Language code of text/sound track or separate title FRANCESE
999 ## - SYSTEM CONTROL NUMBERS (KOHA)
Koha Dewey Subclass [OBSOLETE] NO
100 ## - MAIN ENTRY--PERSONAL NAME
Personal name GOLDSTAIN DOM JACQUES, OSB.
210 ## - ABBREVIATED TITLE
Abbreviated title EN CE TEMPS LA
222 ## - KEY TITLE
Key title EN CE TEMPS LA
245 #0 - TITLE STATEMENT
Title EN CE TEMPS LA'. LA BIBLE. PUBLICATION HEBDOMADAIRE. LE DEUTERONOME CAPP. 16-27. N. 15. .
250 ## - EDITION STATEMENT
Edition statement 1a ed.
260 ## - PUBLICATION, DISTRIBUTION, ETC. (IMPRINT)
Place of publication, distribution, etc. ODEGE BRUXEL.
Name of publisher, distributor, etc. FEMMES D'AUJOURD'HUI ED.
Date of publication, distribution, etc. n.d.
300 ## - PHYSICAL DESCRIPTION
Extent 32 p.
310 ## - CURRENT PUBLICATION FREQUENCY
Current publication frequency SETTIMANALE
362 ## - DATES OF PUBLICATION AND/OR SEQUENTIAL DESIGNATION
Dates of publication and/or sequential designation Fascicolo: 15 /
500 ## - GENERAL NOTE
General note FROSSARD A. LA BIBBIA. LE LETTERE DEL TESTO. GLI IDOLATRI. ISTITUZIONE DEL PROFETISMO. LA LEGGE DEL TAGLIONE. GUERRA. ILLUSTRAZIONI A COLORE NEL TESTO. PERSONAGGI E TERMINI BIBLICI. CITTÀ DI RIFUGIO RISPOSTE AI LETTORI.
501 ## - WITH NOTE
With note Società San Paolo EM - Piazza San Paolo, 14 - 12051 ALBA (CN) (non commercial uses only) ® Copyright 2017
520 ## - SUMMARY, ETC.
Summary, etc. FROSSARD A. LA BIBBIA. LE LETTERE DEL TESTO. GLI IDOLATRI. ISTITUZIONE DEL PROFETISMO. LA LEGGE DEL TAGLIONE. GUERRA. ILLUSTRAZIONI A COLORE NEL TESTO. PERSONAGGI E TERMINI BIBLICI. CITTÀ DI RIFUGIO RISPOSTE AI LETTORI.
650 ## - SUBJECT ADDED ENTRY--TOPICAL TERM
Topical term or geographic name as entry element BIBBIA - TESTI E COMMENTI
942 ## - ADDED ENTRY ELEMENTS (KOHA)
Koha item type RIVISTA
957 ## -
-- 1
999 ## - SYSTEM CONTROL NUMBERS (KOHA)
-- 1
Dati di copia
Withdrawn status Lost status Damaged status Not for loan Home library Current library Date acquired Total Checkouts Full call number Date last seen Price effective from Koha item type Public note
    Buone Condizioni Not For Loan ALBA - Biblioteca ALBA - Biblioteca 16/01/2017   R220-R1895 16/01/2017 16/01/2017 RIVISTA (data import: 16 gennaio 2017) - By Epidotti, Vaglietti.
CREDITS: SOCIETA' SAN PAOLO Via A.Severo, 58 - ROMA (RM) & PERIODICI SAN PAOLO SRL Via Giotto, 36 MILANO & CISF Via Giotto, 36 MILANO & EDIZIONI SAN PAOLO SRL,  Piazza Soncino, 5 CINISELLO BALSAMO (MI) -- ITALY